Normal view
MARC view
Entry Topical Term
001 - CONTROL NUMBER
- control field: 13797
003 - CONTROL NUMBER IDENTIFIER
- control field: OSt
005 - DATE AND TIME OF LATEST TRANSACTION
- control field: 20200309122602.0
008 - FIXED-LENGTH DATA ELEMENTS
- fixed length control field: 200309|| aca||aabn | a|a d
040 ## - CATALOGING SOURCE
- Original cataloging agency: OSt
- Transcribing agency: OSt
150 ## - HEADING--TOPICAL TERM
- Topical term or geographic name entry element: Polymers
- General subdivision: Optical properties.
670 ## - SOURCE DATA FOUND
- Source citation: Work cat.: (OSt)0: Sawyer, Linda C., 1944- 13796, Polymer microscopy /, 1987.
